Statistics for NHL All Time Hat Trick Leaders Top 15

Click here to take the quiz!

General Stats

  • This quiz has been taken 179 times
  • The average score is 9 of 15

Answer Stats

Hint Answer % Correct
(50) 1979-1999Wayne Gretzky
99%
(40) 1984-2006Mario lemieux
89%
(33) 1986-2006Brett Hull
83%
(28) 1957-1980Bobby Hull
83%
(26) 1942-1960Maurice Richard
78%
(32) 1963-1981Phil Esposito
71%
(39) 1977-1987Mike Bossy
69%
(22) 1992-2014Teemu Selanne
64%
(23) 1980-1998Jari Kurri
60%
(28) 1971-1989Marcel Dionne
57%
(20) 1991-2003Pavel Bure
54%
(20) 1970-1985Darryl Sittler
31%
(21) 1980-1996Glenn Anderson
21%
(25) 1917-1929Cy Denneny
15%
(21) 1971-1982Rick Martin
12%

Score Distribution

Percentile by Number Answered

Percent of People with Each Score

Your Score History

You have not taken this quiz